| 000 | 01307cam a2200325 i 4500 | ||
|---|---|---|---|
| 999 |
_c529417 _d529417 |
||
| 001 | 4191405 | ||
| 003 | NUST | ||
| 005 | 20190925161328.0 | ||
| 008 | 810211s1980 dcua b f000 0 eng | ||
| 010 | _a 80052843 | ||
| 020 |
_a0309030277 (pbk.) : _c$6.80 |
||
| 038 | _aMSOHAIL | ||
| 040 |
_aDLC _cDLC _dDLC |
||
| 050 | 0 | 0 |
_aTD439 _b.N37 1980 |
| 082 | 0 | 0 |
_a625.734 _219 |
| 110 | 2 |
_aNational Research Council (U.S.). _bTransportation Research Board. _919676 |
|
| 245 | 1 | 0 | _aDesign of sedimentation basins. |
| 260 |
_aWashington, D.C. : _bTransportation Research Board, National Research Council, _c1980. |
||
| 300 |
_a53 p. : _bill. ; _c28 cm. |
||
| 440 | 0 |
_aSynthesis of highway practice ; _v70 _x0547-5570 _921418 |
|
| 500 | _aPrepared by W. O. Ree. | ||
| 500 | _a"Research sponsored by the American Association of State Highway and Transportation Officials in cooperation with the Federal Highway Administration." | ||
| 504 | _aBibliography: p. 38-39. | ||
| 650 | 0 |
_aSettling basins _xDesign and construction. _921419 |
|
| 650 | 0 |
_aSedimentation and deposition _xEnvironmental aspects. _921420 |
|
| 650 | 0 |
_aRoads _xDesign and construction _xEnvironmental aspects. _921421 |
|
| 700 | 1 |
_aRee, William Oscar, _d1913- _921422 |
|
| 906 |
_a7 _bcbc _corignew _d2 _eocip _f19 _gy-gencatlg |
||
| 942 |
_2ddc _cBK |
||